000 00322nam a22001217a 4500
008 160430b xxu||||| |||| 00| 0 eng d
020 _a9780397550562
020 _a0397550561
041 _aeng
080 _a618.2
245 _aManagement decision making for nursing:
_cBessie L. Marquis; Carol J. Huston;
942 _2udc
_cBK
999 _c1699
_d1699